Design engineer’s handbook (Record no. 28980)

MARC details
000 -LEADER
fixed length control field 00530nam a2200181Ia 4500
020 ## - INTERNATIONAL STANDARD BOOK NUMBER
ISBN 9781439892756
050 ## - CALL MARK
Classification number TJ 153 .R53/
100 ## - STATEMENT OF RESPONSIBILITY--MAIN AUTHOR NAME
Personal name Richards, Keith L.
245 #0 - TITLE STATEMENT
Title Design engineer’s handbook
260 ## - PUBLICATION, DISTRIBUTION, ETC. (IMPRINT)
Place of publication United State
260 ## - PUBLICATION, DISTRIBUTION, ETC. (IMPRINT)
Name of publisher CRC press Taylor & Francis group
260 ## - PUBLICATION, DISTRIBUTION, ETC. (IMPRINT)
Year of publication 2013
300 ## - PHYSICAL DESCRIPTION
Number of Pages 358 p
650 ## - SUBJECT ADDED ENTRY--TOPICAL TERM
Topical Term Mechanical engineering--Problems, exercises, etc. Machine design--Problems, exercises, etc.
942 ## - ADDED ENTRY ELEMENTS (KOHA)
Koha item type Books
Holdings
Withdrawn status Lost status Source of classification or shelving scheme Damaged status Not for loan Permanent Location Current Location Date acquired Accession Number Price effective from Koha item type
    Library of Congress Classification     NILE UNIVERSITY OF NIGERIA - MAIN LIBRARY NILE UNIVERSITY OF NIGERIA - MAIN LIBRARY 04/23/2025 0185629 04/23/2025 Books